Statistiques concernant Les équipages des missions Apollo

Cliquez ici pour prendre le quiz!

Statistiques générales

  • Ce quiz a été pris 26 fois
  • Le résultat moyen est 17 sur 36

Statistiques - réponses

MissionAstronaute% Correct
Apollo 11
(premiers pas sur la lune)
Neil ARMSTRONG
100%
Apollo 11
(premiers pas sur la lune)
Edwin ALDRIN
95%
Apollo 11
(premiers pas sur la lune)
Michael COLLINS
90%
Apollo 14
Alan SHEPARD
67%
Apollo 1
(échec et mort de l'équipage)
Edward WHITE
67%
Apollo 13
(échec)
John SWIGERT
57%
Apollo 8
(premier tour lunaire)
James LOWEL
52%
Apollo 13
(échec)
James LOWEL
52%
Apollo 16
John YOUNG
52%
Apollo 10
(second tour lunaire)
John YOUNG
52%
Apollo 12
Alan L BEAN
48%
Apollo 17
(derniers pas sur la lune)
Eugene CERNAN
43%
Apollo 10
(second tour lunaire)
Eugene CERNAN
43%
Apollo 8
(premier tour lunaire)
Frank BORMAN
43%
Apollo 15
(débuts du rover lunaire)
James IRWIN
43%
Apollo 9
James MC DIVITT
43%
Apollo 12
Richard GORDON
43%
Apollo 1
(échec et mort de l'équipage)
Virgil GRISSON
43%
Apollo 12
Charles CONRAD
38%
Apollo 15
(débuts du rover lunaire)
David SCOTT
38%
Apollo 9
David SCOTT
38%
Apollo 13
(échec)
Fred HAISE
38%
Apollo 16
Thomas MATTINGLY
38%
Apollo 10
(second tour lunaire)
Thomas STAFFORD
38%
Apollo 7
Walter CUNNINGHAM
38%
Apollo 7
Walter SCHIRRA
38%
Apollo 8
(premier tour lunaire)
William ANDERS
38%
Apollo 16
Charles DUKE
33%
Apollo 7
Donn EISELE
33%
Apollo 17
(derniers pas sur la lune)
Harrison SCHMITT
33%
Apollo 1
(échec et mort de l'équipage)
Roger CHAFFEE
33%
Apollo 17
(derniers pas sur la lune)
Ronald EVANS
33%
Apollo 15
(débuts du rover lunaire)
Alfred WORDEN
29%
Apollo 14
Edgar MITCHELL
29%
Apollo 9
Russell SCHWEICKART
29%
Apollo 14
Stuart ROOSA
29%

Distribution des résultats

Percentile par nombre de réponses

% des personnes avec chaque résultat

Votre développement - résultats

Vous n’avez pas pris ce quiz